000 01107nam a2200313 i 4500
001 11555
003 KOSZ 005
005 20191028133501.0
008 071010s1967 pl a f 001 0 pol
015 _aPB 1968/698
040 _aWA N
_cKOSZ 005/RW
_dKOSZ 005/RW
_dKOSZ 005/HR
046 _k1967
080 _a621.313
245 0 0 _aUszkodzenia maszyn elektrycznych /
_cZ. Gogolewski [et al.].
260 _aWarszawa :
_bWydawnictwa Naukowo-Techniczne,
_c1967.
300 _a339, [1] stron :
_bilustracje ;
_c25 cm.
336 _2rdacontent
_aTekst
_btxt
337 _2rdamedia
_aBez urządzenia pośredniczącego
_bn
338 _2rdacarrier
_aWolumin
_bnc
380 _aKsiążki.
388 _a1901-2000
504 _aBibliografia na stronach 325-[330]. Indeks.
658 _aInżynieria i technika
650 4 _aMaszyny elektryczne
700 1 _aGogolewski, Zygmunt
_d(1896-1969).
_eAutor
710 2 _aWydawnictwa Naukowo-Techniczne
_4pbl.
856 _uhttp://koha.tu.koszalin.pl/cgi-bin/koha/opac-detail.pl?biblionumber=11555
_yKatalog online BPK
942 _2UKD
_cKS
999 _c11555
_d11555